Phân tích nhanh bằng Complexon : Dùng để phân tích một số nguyên tố kim loại
保存先:
| フォーマット: | 図書 |
|---|---|
| 言語: | Undetermined |
| 出版事項: |
Hà Nội
Khoa học và Kỹ thuật
2004
|
| 主題: | |
| タグ: |
タグ追加
タグなし, このレコードへの初めてのタグを付けませんか!
|
| Thư viện lưu trữ: | Trung tâm Học liệu Trường Đại học Cần Thơ |
|---|
| LEADER | 00660nam a2200193Ia 4500 | ||
|---|---|---|---|
| 001 | CTU_74745 | ||
| 008 | 210402s9999 xx 000 0 und d | ||
| 020 | |c 12000 | ||
| 082 | |a 545.2 | ||
| 082 | |b Ph121 | ||
| 245 | 0 | |a Phân tích nhanh bằng Complexon : | |
| 245 | 0 | |b Dùng để phân tích một số nguyên tố kim loại | |
| 245 | 0 | |c Nguyễn Văn Định, Dương Văn Quyến biên soạn | |
| 260 | |a Hà Nội | ||
| 260 | |b Khoa học và Kỹ thuật | ||
| 260 | |c 2004 | ||
| 650 | |a Complexometric titration,Volumetric analysis | ||
| 904 | |i Tuyến | ||
| 980 | |a Trung tâm Học liệu Trường Đại học Cần Thơ | ||